000
00276nam a22001217a 4500
003
SGT
082
_a
339
_b
MYN
100
_a
MYNENI S R
245
_a
INDIAN ECONOMICS
_b
FOR LAW STUDENTS
260
_a
FARIDABAD
_b
ALLAHABAD LAW AGENCY
_c
1999
300
_a
508
942
_2
ddc
_c
BK
_0
1
999
_c
25530
_d
25530